Loading...
| Current Events | 3 | 13.33 | 100% | 33% | 0% |
| Fine Arts - Classical Music | 3 | 16.67 | 100% | 33% | 33% |
| Fine Arts - Other | 8 | 7.50 | 63% | 0% | 13% |
| Fine Arts - Painting and Sculpture | 5 | 6.00 | 60% | 0% | 0% |
| History - American | 2 | 10.00 | 100% | 0% | 0% |
| History - European | 6 | 20.00 | 100% | 67% | 33% |
| History - Other | 5 | 18.00 | 100% | 80% | 0% |
| History - World | 3 | 16.67 | 100% | 67% | 0% |
| Literature - American | 5 | 6.00 | 60% | 0% | 0% |
| Literature - British | 1 | 10.00 | 100% | 0% | 0% |
| Literature - European | 4 | 10.00 | 75% | 25% | 0% |
| Literature - World | 4 | 5.00 | 25% | 25% | 0% |
| Mythology | 4 | 7.50 | 75% | 0% | 0% |
| Philosophy | 3 | 13.33 | 100% | 33% | 0% |
| Religion | 4 | 7.50 | 75% | 0% | 0% |
| Science - Biology | 5 | 6.00 | 40% | 0% | 20% |
| Science - Chemistry | 2 | 5.00 | 50% | 0% | 0% |
| Science - Other | 5 | 12.00 | 100% | 20% | 0% |
| Science - Physics | 3 | 16.67 | 100% | 33% | 33% |
| Social Science | 3 | 6.67 | 67% | 0% | 0% |